[Event "Drewer- Katernberg 4"]
[Site "?"]
[Date "2023.04.16"]
[Round "7.1"]
[White "Huettemann, Karl- Heinz"]
[Black "Mittmann, Volker"]
[Result "1/2-1/2"]
[WhiteElo "2033"]
[BlackElo "1853"]
[PlyCount "35"]
[SourceDate "2022.10.02"]

1. c4 Nf6 2. Nc3 g6 3. g3 Bg7 4. Bg2 d6 5. e4 O-O 6. Nge2 c5 7. O-O Nc6 8. d3
Rb8 9. h3 a6 10. f4 Bd7 11. a4 Ne8 12. Be3 Nc7 13. d4 cxd4 14. Nxd4 Ne6 15.
Nxc6 bxc6 16. Qd2 c5 17. Rfb1 Rb3 18. Kh2 1/2-1/2

[Event "Drewer- Katernberg 4"]
[Site "?"]
[Date "2023.04.16"]
[Round "7.2"]
[White "Schaefer, Martin"]
[Black "Berresheim, Nils"]
[Result "0-1"]
[WhiteElo "1801"]
[BlackElo "1792"]
[PlyCount "84"]
[SourceDate "2022.10.02"]

1. e4 c5 2. Nf3 d6 3. d4 cxd4 4. Nxd4 Nf6 5. Nc3 a6 6. Be2 e6 7. Be3 b5 8. a3
Bb7 9. Bf3 Nbd7 10. Qe2 Rc8 11. Bg5 Be7 12. O-O Ne5 13. Rfe1 O-O 14. Na2 h6 15.
Bf4 Nxf3+ 16. Qxf3 e5 17. Bxh6 exd4 18. Qg3 Ne8 19. Nb4 Bf6 20. Nd5 Rxc2 21.
Qg4 Bc8 22. Qd1 Rc5 23. Bd2 Be6 24. Nb4 a5 25. Nd3 Rc6 26. f4 Qb6 27. b3 Nc7
28. f5 Bd7 29. Qg4 Na6 30. b4 Rc2 31. bxa5 Qd8 32. Bh6 Nc5 33. Nf4 Kh7 34. Bxg7
Bxg7 35. Nh5 Bh6 36. h4 Rg8 37. Qf3 Rgxg2+ 38. Qxg2 Rxg2+ 39. Kxg2 Qxh4 40. Rh1
Qxe4+ 41. Kg3 Qe5+ 42. Kg2 Bc6+ 0-1

[Event "Drewer- Katernberg 4"]
[Site "?"]
[Date "2023.04.16"]
[Round "7.3"]
[White "Jahrke, Jonas"]
[Black "Riegermann, Ulrich"]
[Result "1/2-1/2"]
[WhiteElo "1725"]
[BlackElo "1743"]
[PlyCount "63"]
[SourceDate "2022.10.02"]

1. d4 d6 2. Nf3 Nf6 3. g3 Nbd7 4. Bg2 c6 5. O-O e5 6. dxe5 dxe5 7. b3 Qc7 8.
Bb2 Be7 9. e3 O-O 10. Nbd2 Re8 11. Nc4 Bf8 12. a4 Rb8 13. a5 b6 14. axb6 axb6
15. Qe2 Bb7 16. Ra7 Bc5 17. Ba3 Bxa3 18. Rxa3 b5 19. Ncd2 Ra8 20. Rfa1 Rxa3 21.
Rxa3 Ra8 22. Rxa8+ Bxa8 23. c4 Qa5 24. Ne1 b4 25. Ne4 c5 26. Nxf6+ Nxf6 27.
Bxa8 Qxa8 28. Nd3 Qa1+ 29. Qf1 Qxf1+ 30. Kxf1 Nd7 31. Ke2 e4 32. Nf4 1/2-1/2

[Event "Drewer- Katernberg 4"]
[Site "?"]
[Date "2023.04.16"]
[Round "7.4"]
[White "Uhlich, Wilfried"]
[Black "Mamikonyan, Davit"]
[Result "1/2-1/2"]
[WhiteElo "1797"]
[BlackElo "1890"]
[PlyCount "173"]
[SourceDate "2022.10.02"]

1. d4 Nf6 2. Bg5 d5 3. Bxf6 exf6 4. e3 Be6 5. Ne2 g5 6. Nd2 Nc6 7. c4 dxc4 8.
Nc3 Bg7 9. Bxc4 Bxc4 10. Nxc4 h5 11. Qb3 Rb8 12. Rd1 O-O 13. O-O a6 14. d5 Ne5
15. Nxe5 fxe5 16. e4 Qd6 17. Rc1 g4 18. Na4 Bh6 19. Rc2 b5 20. Nc5 Rb6 21. Rd1
a5 22. Qc3 b4 23. Qc4 Rc8 24. Na4 Rb7 25. Qc6 Qxc6 26. Rxc6 Bf8 27. b3 Bd6 28.
Rdc1 Rf8 29. Nc5 Ra7 30. Nd7 a4 31. Nxf8 axb3 32. axb3 Kxf8 33. h3 Ra2 34. Rb1
Kg7 35. hxg4 hxg4 36. Re1 Kg6 37. Re3 Kg5 38. g3 Rb2 39. Rc1 Rd2 40. Kf1 f5 41.
Ke1 Rb2 42. exf5 Kxf5 43. Rc4 Rb1+ 44. Kd2 Rb2+ 45. Rc2 Rb1 46. Ke2 Ra1 47. Rd3
Rb1 48. f3 Rh1 49. fxg4+ Kxg4 50. Rc4+ Kg5 51. Rf3 Rh2+ 52. Kf1 Rd2 53. Ke1
Rxd5 54. Ke2 Ra5 55. Kd3 Ra1 56. Ke4 Rd1 57. Rd3 Re1+ 58. Kd5 Kf5 59. Rf3+ Kg5
60. Re4 Rh1 61. g4 Rg1 62. Rf5+ Kg6 63. Ke6 Rg3 64. Rf6+ Kg7 65. Rf5 Rxb3 66.
g5 Rg3 67. Rf7+ Kg6 68. Rh4 Kxg5 69. Rh8 Kg4 70. Rg8+ Kh3 71. Rxg3+ Kxg3 72.
Kd5 Kg2 73. Kc4 e4 74. Rf5 Kg3 75. Kd4 Kg4 76. Kxe4 c5 77. Rf6 Be7 78. Rf7 Bg5
79. Rf1 Bd2 80. Rg1+ Kh5 81. Kd3 Bc3 82. Rg2 Bd4 83. Kc4 Kh4 84. Rg8 Kh3 85.
Rg6 Be3 86. Rg8 Bf2 87. Rg6 1/2-1/2

[Event "Drewer- Katernberg 4"]
[Site "?"]
[Date "2023.04.16"]
[Round "7.5"]
[White "Riesenbeck, Juergen"]
[Black "Kraft, Marius"]
[Result "1-0"]
[WhiteElo "2097"]
[BlackElo "1604"]
[PlyCount "117"]
[SourceDate "2022.10.02"]

1. e4 e5 2. Nc3 Nf6 3. d4 exd4 4. Qxd4 Nc6 5. Qd3 Bc5 6. Bf4 d6 7. Qd2 O-O 8.
O-O-O Be6 9. Bd3 Nb4 10. a3 Nxd3+ 11. cxd3 Bb3 12. Re1 Bd4 13. Nf3 c5 14. Kb1
a6 15. Nxd4 cxd4 16. Ne2 Qb6 17. Qb4 Qxb4 18. axb4 Ng4 19. Bg3 Ne5 20. Nxd4 Ba4
21. Bxe5 dxe5 22. Nf3 f6 23. d4 exd4 24. Nxd4 Rfd8 25. Nf3 Rac8 26. Rc1 Rxc1+
27. Rxc1 Bc6 28. Re1 f5 29. exf5 Bxf3 30. gxf3 Rd2 31. Re7 Rxf2 32. Rxb7 Rxh2
33. Rb6 Rh4 34. Kc2 Rf4 35. Rxa6 Rxb4 36. f6 h5 37. Ra5 g6 38. Ra7 Kf8 39. Rg7
Rf4 40. Rxg6 Rxf3 41. Rh6 Rf5 42. b4 Ke8 43. Kb3 Kd7 44. Ka4 h4 45. b5 h3 46.
Rxh3 Rxf6 47. Rc3 Rf1 48. Ka5 Ra1+ 49. Kb6 Rd1 50. Kb7 Kd8 51. b6 Kd7 52. Ka8
Ra1+ 53. Kb8 Rd1 54. b7 Rd2 55. Rc5 Rd1 56. Rc4 Rd2 57. Ra4 Kc6 58. Ka8 Kb5 59.
Ra1 1-0

[Event "Drewer- Katernberg 4"]
[Site "?"]
[Date "2023.04.16"]
[Round "7.6"]
[White "Nordhoff, Georg"]
[Black "Sikorski, Thomas"]
[Result "1/2-1/2"]
[WhiteElo "1652"]
[BlackElo "1749"]
[PlyCount "67"]
[SourceDate "2022.10.02"]

1. e4 e5 2. Nf3 Nf6 3. Nc3 Nc6 4. Bc4 Bc5 5. O-O O-O 6. d3 d6 7. h3 Be6 8. Bb3
Qd7 9. Ng5 Nd4 10. Nxe6 Nxe6 11. Na4 b5 12. Bxe6 Qxe6 13. Nxc5 dxc5 14. f4 exf4
15. Bxf4 Rad8 16. Qf3 c4 17. Bxc7 Rd7 18. Ba5 cxd3 19. cxd3 b4 20. a3 Qa6 21.
Bxb4 Rxd3 22. Qf5 Rfd8 23. e5 Qb6+ 24. Kh1 R3d5 25. Rac1 Qb7 26. Qf3 Ne8 27. e6
f6 28. e7 R8d7 29. Rfe1 Re5 30. Qb3+ Qd5 31. Qc3 Rc7 32. Qg3 Rxc1 33. Rxc1 a5
34. Bc3 1/2-1/2

[Event "Drewer- Katernberg 4"]
[Site "?"]
[Date "2023.04.16"]
[Round "7.7"]
[White "Wolff, Michael"]
[Black "Herche, Niklas"]
[Result "0-1"]
[WhiteElo "1877"]
[BlackElo "1582"]
[PlyCount "128"]
[SourceDate "2022.10.02"]

1. a3 d5 2. Nf3 Nf6 3. c4 e6 4. b4 b6 5. e3 Nbd7 6. d4 c6 7. Nbd2 Bd6 8. c5 Bc7
9. Bb2 Bb7 10. Qc2 O-O 11. Bd3 Re8 12. Ne5 bxc5 13. bxc5 g6 14. O-O Nxe5 15.
dxe5 Nd7 16. f4 Qe7 17. Bd4 a5 18. Rab1 Reb8 19. a4 Bc8 20. Qc3 h6 21. g3 Bd8
22. Rxb8 Rxb8 23. Rb1 Ra8 24. Rb2 Nf8 25. Nf3 Qa7 26. h4 Ba6 27. Bc2 Rb8 28. g4
Rxb2 29. Qxb2 Nd7 30. Qc3 Be2 31. Nh2 Bxh4 32. f5 gxf5 33. gxf5 Bg5 34. Kf2 Bh5
35. Nf3 Bxf3 36. Kxf3 Nf8 37. f6 Ng6 38. Kg4 Qc7 39. Kh5 Bxf6 40. Bxg6 fxg6+
41. Kg4 Bd8 42. Qc2 Kh7 43. Qf2 Bg5 44. Qf8 Bd8 45. Qf4 Qe7 46. Kg3 g5 47. Qf1
h5 48. Qb1+ Kh6 49. e4 Qh7 50. Qb8 Qd7 51. Qb1 dxe4 52. Qxe4 Qd5 53. Qe3 h4+
54. Kh2 Qa2+ 55. Kh3 Qc2 56. Bc3 Qf5+ 57. Kg2 Kh5 58. Bd2 Bc7 59. Bc3 Qg4+ 60.
Kh1 h3 61. Qf2 Qf5 62. Qe2+ g4 63. Kh2 Qf4+ 64. Kg1 Qg3+ 0-1

[Event "Drewer- Katernberg 4"]
[Site "?"]
[Date "2023.04.16"]
[Round "7.8"]
[White "Crowe, David"]
[Black "Goldkuhle, Collin"]
[Result "1-0"]
[WhiteElo "1631"]
[BlackElo "1525"]
[PlyCount "71"]
[SourceDate "2022.10.02"]

1. d4 Nf6 2. c4 e6 3. Nf3 Bb4+ 4. Nc3 c5 5. e3 d5 6. Bd3 dxc4 7. Bxc4 Nd5 8.
Qc2 Nc6 9. O-O Bxc3 10. bxc3 cxd4 11. exd4 O-O 12. Ng5 Nf6 13. Ba3 Re8 14. Bd3
g6 15. f4 Nd5 16. Qd2 f6 17. Ne4 Kg7 18. Rae1 Nce7 19. g4 f5 20. Ng5 Ng8 21.
Nf3 fxg4 22. Ne5 Ngf6 23. Bc1 Qa5 24. f5 exf5 25. Qh6+ Kg8 26. Nxg6 Qd8 27. Ne5
Qe7 28. Bxf5 Bxf5 29. Rxf5 Qg7 30. Rg5 Re7 31. Rxg7+ Rxg7 32. Rf1 Rf8 33. Ba3
Rc8 34. Rxf6 Nxf6 35. Qxf6 Rxc3 36. Qd8# 1-0

[Event "Recklinghäuser SV Süd/Ost1 - SV Unna"]
[Site "Verbandsklasse, Gr. 1 2022/20"]
[Date "2023.04.16"]
[Round "7.1"]
[White "Barskij, Aleksandr"]
[Black "Callenberg, Ralf"]
[Result "1/2-1/2"]
[WhiteElo "1847"]
[BlackElo "2068"]
[PlyCount "52"]
[EventDate "2023.??.??"]
[SourceDate "2022.10.02"]
[WhiteTeam "SV Unna 1"]
[BlackTeam "RecklinghÃ¤user SV SÃ¼d/Ost 1"]

1. e4 c5 2. Nf3 Nc6 3. g3 g6 4. d4 cxd4 5. Nxd4 Bg7 6. Be3 Nf6 7. Nc3 Qa5 8.
Bg2 Ne5 9. O-O Nc4 10. Bc1 d6 11. h3 Bd7 12. Nde2 O-O 13. b3 Na3 14. Bb2 Rac8
15. Qc1 Nb5 16. Nxb5 Bxb5 17. c4 Bc6 18. Bc3 Qa6 19. Qe3 b5 20. Nd4 bxc4 21.
Nxc6 Qxc6 22. Bxf6 exf6 23. Rfc1 Qa6 24. Bf1 Qa3 25. Rxc4 Rxc4 26. Bxc4 f5
1/2-1/2

[Event "Recklinghäuser SV Süd/Ost1 - SV Unna"]
[Site "Verbandsklasse, Gr. 1 2022/20"]
[Date "2023.04.16"]
[Round "7.2"]
[White "Mecklenburg, Roland"]
[Black "Krämer, Sascha"]
[Result "1/2-1/2"]
[WhiteElo "1962"]
[BlackElo "1910"]
[PlyCount "71"]
[EventDate "2023.??.??"]
[SourceDate "2022.10.02"]
[WhiteTeam "RecklinghÃ¤user SV SÃ¼d/Ost 1"]
[BlackTeam "SV Unna 1"]

1. e4 c5 2. f4 e6 3. Nf3 d5 4. e5 d4 5. d3 Ne7 6. Nbd2 Nf5 7. Ne4 Bd7 8. Qe2
Bc6 9. g3 Nd7 10. Bg2 Nb6 11. c4 Nxc4 12. dxc4 d3 13. Nd6+ Qxd6 14. Qf2 Qd7 15.
O-O Rd8 16. Be3 Nxe3 17. Qxe3 b5 18. Nd2 Bxg2 19. Kxg2 Be7 20. b3 a6 21. Rad1
O-O 22. Rf3 Qd4 23. Qxd4 Rxd4 24. Rc1 g5 25. f5 g4 26. Rf2 Bg5 27. Rd1 Be3 28.
Rff1 Bxd2 29. Rxd2 bxc4 30. bxc4 exf5 31. Rxf5 Rxc4 32. Rxd3 Rc2+ 33. Rf2 Rxf2+
34. Kxf2 Rb8 35. Ra3 Rb6 36. Ke3 1/2-1/2

[Event "Recklinghäuser SV Süd/Ost1 - SV Unna"]
[Site "Verbandsklasse, Gr. 1 2022/20"]
[Date "2023.04.16"]
[Round "7.3"]
[White "Solberg-Morgner, Kirsten"]
[Black "Blayvas, Jan"]
[Result "0-1"]
[WhiteElo "1840"]
[BlackElo "2087"]
[PlyCount "56"]
[EventDate "2023.??.??"]
[SourceDate "2022.10.02"]
[WhiteTeam "SV Unna 1"]
[BlackTeam "RecklinghÃ¤user SV SÃ¼d/Ost 1"]

1. e4 c6 2. Nf3 d5 3. exd5 cxd5 4. d4 Nf6 5. Bd3 Nc6 6. c3 Qc7 7. O-O Bg4 8. h3
Bh5 9. Bg5 e6 10. Nbd2 Bd6 11. Qa4 O-O 12. Qc2 Bg6 13. Bxg6 hxg6 14. Rac1 b5
15. Qd3 Rfc8 16. Rc2 Nb4 17. cxb4 Qxc2 18. Qxb5 Qxb2 19. Nb3 Qxa2 20. Nfd2 Rab8
21. Qd3 Bxb4 22. Ra1 Qc2 23. Qf3 Bxd2 24. Nxd2 Ne4 25. Nxe4 dxe4 26. Qf4 Rb1+
27. Rxb1 Qxb1+ 28. Kh2 Qb8 0-1

[Event "Recklinghäuser SV Süd/Ost1 - SV Unna"]
[Site "Verbandsklasse, Gr. 1 2022/20"]
[Date "2023.04.16"]
[Round "7.4"]
[White "Stahlhofen, Thomas"]
[Black "Franck, Axel"]
[Result "1-0"]
[WhiteElo "1788"]
[BlackElo "1710"]
[PlyCount "59"]
[EventDate "2023.??.??"]
[SourceDate "2022.10.02"]
[WhiteTeam "RecklinghÃ¤user SV SÃ¼d/Ost 1"]
[BlackTeam "SV Unna 1"]

1. e4 d6 2. d4 g6 3. Nf3 Bg7 4. Nc3 Nf6 5. Be3 O-O 6. Qd2 Ng4 7. Bg5 h6 8. h3
hxg5 9. hxg4 f6 10. Bc4+ e6 11. O-O-O Qe7 12. e5 c6 13. exd6 Qxd6 14. Rde1 Re8
15. Ne4 Qf4 16. Qxf4 gxf4 17. Nd6 Bd7 18. Nxe8 Bxe8 19. Rxe6 Kf8 20. Rhe1 Nd7
21. Re7 Ne5 22. Rxe8+ Rxe8 23. dxe5 fxe5 24. Ng5 Bh6 25. Ne6+ Ke7 26. g5 Bf8
27. Rxe5 Kd6 28. Re2 b5 29. Nxf4 Be7 30. Bd3 1-0

[Event "Recklinghäuser SV Süd/Ost1 - SV Unna"]
[Site "Verbandsklasse, Gr. 1 2022/20"]
[Date "2023.04.16"]
[Round "7.5"]
[White "Hendler, Markus"]
[Black "Balke, Heinrich"]
[Result "1-0"]
[WhiteElo "1764"]
[BlackElo "1808"]
[PlyCount "47"]
[EventDate "2023.??.??"]
[SourceDate "2022.10.02"]
[WhiteTeam "SV Unna 1"]
[BlackTeam "RecklinghÃ¤user SV SÃ¼d/Ost 1"]

1. e4 c6 2. d4 d5 3. exd5 cxd5 4. c4 Nf6 5. Nc3 Bf5 6. Qb3 dxc4 7. Bxc4 e6 8.
Qxb7 Nbd7 9. Bf4 Be7 10. Bc7 Qc8 11. Ba6 O-O 12. Qxc8 Raxc8 13. Bxc8 Rxc8 14.
Bg3 Bb4 15. Nge2 Ne4 16. Rc1 h5 17. O-O Nd2 18. Rfd1 Nc4 19. Na4 Ncb6 20. Nxb6
Rxc1 21. Rxc1 Nxb6 22. Rc7 a5 23. a3 Bd2 24. Bf4 1-0

[Event "Recklinghäuser SV Süd/Ost1 - SV Unna"]
[Site "Verbandsklasse, Gr. 1 2022/20"]
[Date "2023.04.16"]
[Round "7.7"]
[White "Dziuk, Dariusz"]
[Black "Feldhaus, Tom"]
[Result "0-1"]
[WhiteElo "1245"]
[BlackElo "1736"]
[PlyCount "124"]
[EventDate "2023.??.??"]
[SourceDate "2022.10.02"]
[WhiteTeam "SV Unna 1"]
[BlackTeam "RecklinghÃ¤user SV SÃ¼d/Ost 1"]

1. e4 e6 2. d4 d5 3. e5 c5 4. c3 Qb6 5. Nf3 Nc6 6. Qa4 Bd7 7. Bb5 Nxe5 8. Bxd7+
Nxd7 9. O-O Ngf6 10. Re1 Bd6 11. Nbd2 O-O 12. Nf1 Rac8 13. dxc5 Nxc5 14. Qd4
Ncd7 15. Qxb6 Nxb6 16. Be3 Nc4 17. Re2 Nxe3 18. Rxe3 b5 19. N1d2 b4 20. Rc1 Bc5
21. Re2 bxc3 22. Rxc3 Bb4 23. Rxc8 Rxc8 24. Nb3 Ne4 25. g3 f6 26. a3 Bd6 27.
Nbd4 e5 28. Nb5 Bb8 29. a4 a6 30. Na3 Rc1+ 31. Re1 Rxe1+ 32. Nxe1 Nc5 33. b4
Nxa4 34. b5 axb5 35. Nxb5 Kf7 36. f3 Nc5 37. Kf1 Ke6 38. Ke2 f5 39. Nd3 Nxd3
40. Kxd3 h5 41. Nc3 d4 42. Ne2 Kd5 43. f4 e4+ 44. Kd2 Kc4 45. h4 e3+ 46. Kd1 d3
47. Ng1 Bc7 48. Nf3 e2+ 49. Ke1 Ba5+ 50. Kf2 e1=Q+ 51. Nxe1 Bxe1+ 52. Kxe1 Kc3
53. Kd1 d2 54. g4 fxg4 55. f5 g3 56. Ke2 Kc2 57. Kf3 d1=Q+ 58. Kxg3 Qg4+ 59.
Kf2 Kd2 60. Kf1 Qg3 61. f6 Ke3 62. fxg7 Qf2# 0-1

[Event "Recklinghäuser SV Süd/Ost1 - SV Unna"]
[Site "Verbandsklasse, Gr. 1 2022/20"]
[Date "2023.04.16"]
[Round "7.8"]
[White "Lange, Hans-Werner"]
[Black "Hendler, Maximilian"]
[Result "1-0"]
[WhiteElo "1587"]
[BlackElo "1052"]
[PlyCount "75"]
[EventDate "2023.??.??"]
[SourceDate "2022.10.02"]
[WhiteTeam "RecklinghÃ¤user SV SÃ¼d/Ost 1"]
[BlackTeam "SV Unna 1"]

1. d4 Nf6 2. Nf3 g6 3. Bf4 Bg7 4. e3 O-O 5. h3 d6 6. Be2 c5 7. c3 Nc6 8. O-O
Qb6 9. Qc1 Bf5 10. Nbd2 Rfe8 11. a4 a6 12. Nc4 Qd8 13. dxc5 d5 14. Rd1 e6 15.
Nd6 Re7 16. Nxf5 exf5 17. a5 Nxa5 18. Qc2 Rc8 19. b4 Nc6 20. Bd6 Re8 21. Qb3
Ne4 22. Rac1 Nxd6 23. cxd6 Re6 24. c4 dxc4 25. Bxc4 Rxd6 26. Rxd6 Qxd6 27.
Bxf7+ Kh8 28. b5 Ne7 29. Rxc8+ Nxc8 30. Ng5 h6 31. Be6 hxg5 32. Bxc8 Qc5 33.
Bxb7 Qxb5 34. Qf7 Kh7 35. Bd5 a5 36. g4 Qd3 37. Qd7 a4 38. Bg8+ 1-0

[Event "Kirchhellen- Sodingen 2"]
[Site "?"]
[Date "2023.04.16"]
[Round "7.2"]
[White "Sinnwell, Horst"]
[Black "Reinholz, Benjamin"]
[Result "1/2-1/2"]
[WhiteElo "2018"]
[BlackElo "1938"]
[PlyCount "35"]
[SourceDate "2022.10.02"]

1. Nf3 Nf6 2. c4 g6 3. b4 Bg7 4. Bb2 O-O 5. d4 d5 6. e3 Bg4 7. Nbd2 Ne4 8. Be2
c6 9. O-O Nd7 10. cxd5 cxd5 11. Nxe4 dxe4 12. Nd2 Bxe2 13. Qxe2 f5 14. Qb5 Nb6
15. Nc4 Qd5 16. Qxd5+ Nxd5 17. a3 Rfc8 18. Rfc1 1/2-1/2

[Event "Kirchhellen- Sodingen 2"]
[Site "?"]
[Date "2023.04.16"]
[Round "7.3"]
[White "Haberhausen, Ansgar"]
[Black "Hoffterheide, Thomas"]
[Result "1/2-1/2"]
[WhiteElo "2136"]
[BlackElo "1950"]
[PlyCount "64"]
[SourceDate "2022.10.02"]

1. d4 Nf6 2. Nf3 e6 3. Bf4 Be7 4. e3 O-O 5. c4 d5 6. Nc3 Nbd7 7. Bd3 a6 8. Rc1
dxc4 9. Bxc4 b5 10. Bd3 c5 11. O-O Bb7 12. h3 c4 13. Be2 Nd5 14. Bh2 Nxc3 15.
Rxc3 Nb6 16. Rc1 Rc8 17. Nd2 Bb4 18. a3 Be7 19. Bf3 Bd5 20. Bxd5 Qxd5 21. Qf3
Rfd8 22. Ne4 Na4 23. Rc2 f5 24. Nc3 Nxc3 25. Rxc3 a5 26. Be5 b4 27. Qg3 Bf8 28.
axb4 axb4 29. Rc2 Rd7 30. Rfc1 Bd6 31. Bxd6 Rxd6 32. Rxc4 Rxc4 1/2-1/2

[Event "Kirchhellen- Sodingen 2"]
[Site "?"]
[Date "2023.04.16"]
[Round "7.4"]
[White "Andersen, Knut"]
[Black "Plotkin, Alexander"]
[Result "1-0"]
[WhiteElo "2119"]
[BlackElo "1596"]
[PlyCount "155"]
[SourceDate "2022.10.02"]

1. d4 Nf6 2. g3 e6 3. Bg2 c5 4. c3 Qb6 5. Nf3 Be7 6. O-O O-O 7. Nbd2 d5 8. Qc2
Nc6 9. e3 Bd7 10. Qb3 Qxb3 11. axb3 Rfc8 12. Re1 Rc7 13. dxc5 Bxc5 14. Nd4 Rac8
15. Nb5 a6 16. Nxc7 Rxc7 17. Nf3 e5 18. Rd1 Bf5 19. b4 Bd6 20. Ne1 e4 21. h3
Ne5 22. g4 Bg6 23. g5 Ne8 24. Rxd5 Rd7 25. f4 exf3 26. Nxf3 Nd3 27. Nh4 Nc7 28.
Rd4 Ne6 29. Rc4 Bg3 30. Nxg6 hxg6 31. e4 Nxc1 32. Rxc1 Nxg5 33. Rf1 Rd2 34. Rc5
Ne6 35. Rc8+ Kh7 36. Rxf7 Nf4 37. Bf1 Nh5 38. Bg2 Nf4 39. Bf1 Nh5 40. Bc4 Bh2+
41. Kf1 Nf6 42. Rxb7 Nxe4 43. Re7 Nd6 44. Rc6 Nf5 45. Re8 Bg3 46. Re2 Rd1+ 47.
Kg2 Bf4 48. Bxa6 Nh4+ 49. Kf2 Rh1 50. Rce6 Rh2+ 51. Ke1 Rh1+ 52. Kf2 Rh2+ 53.
Kg1 Nf3+ 54. Kf1 Nd2+ 55. Rxd2 Rxd2 56. Re2 Rd6 57. Bc4 Rc6 58. Bd5 Rb6 59. Re4
g5 60. Ke2 Rh6 61. Be6 Kg6 62. Bg4 Kf7 63. b5 Rd6 64. Rb4 Rd2+ 65. Ke1 Rd8 66.
Rb3 Rd3 67. Bf5 Rd5 68. Be4 Re5 69. Rb4 Ke7 70. Kd1 Kd6 71. Kc2 Kc5 72. b6 Re8
73. b7 Rd8 74. Kb3 Bc7 75. Rc4+ Kb6 76. Ka4 Rd7 77. Rb4+ Ka7 78. Kb5 1-0

[Event "Kirchhellen- Sodingen 2"]
[Site "?"]
[Date "2023.04.16"]
[Round "7.5"]
[White "Schriewer, Thomas"]
[Black "Borgs, Martin"]
[Result "1/2-1/2"]
[WhiteElo "1957"]
[BlackElo "1939"]
[PlyCount "59"]
[SourceDate "2022.10.02"]

1. d4 Nf6 2. Nf3 e6 3. c4 d5 4. Nc3 Be7 5. Bf4 O-O 6. e3 a6 7. c5 Nbd7 8. Bd3
c6 9. h3 b6 10. b4 Re8 11. O-O Bf8 12. Qc2 g6 13. a3 Bb7 14. Na4 b5 15. Nc3 Nh5
16. Bh2 Bg7 17. Ne5 Nxe5 18. dxe5 Bf8 19. Rad1 Qc7 20. Ne2 a5 21. Ra1 Ng7 22.
g4 Qe7 23. Qc3 a4 24. Kg2 Rec8 25. f4 Ne8 26. f5 exf5 27. gxf5 Qg5+ 28. Bg3 Ng7
29. h4 Qh6 30. Nd4 1/2-1/2

[Event "Kirchhellen- Sodingen 2"]
[Site "?"]
[Date "2023.04.16"]
[Round "7.6"]
[White "Belitz, Marco"]
[Black "Lucke, Thomas"]
[Result "1/2-1/2"]
[WhiteElo "1900"]
[BlackElo "1890"]
[PlyCount "35"]
[SourceDate "2022.10.02"]

1. e4 c6 2. d4 d5 3. Nc3 dxe4 4. Nxe4 Bf5 5. Ng3 Bg6 6. h4 h6 7. Nf3 Nd7 8. h5
Bh7 9. Bd3 Bxd3 10. Qxd3 e6 11. Bd2 Ngf6 12. O-O-O Qc7 13. Ne4 O-O-O 14. Kb1
Nc5 15. Nxc5 Bxc5 16. Qc4 Bd6 17. Bb4 Bxb4 18. Qxb4 1/2-1/2

[Event "Kirchhellen- Sodingen 2"]
[Site "?"]
[Date "2023.04.16"]
[Round "7.7"]
[White "Zygan, Michael"]
[Black "Gajda, Peter"]
[Result "1/2-1/2"]
[WhiteElo "1760"]
[BlackElo "1815"]
[PlyCount "65"]
[SourceDate "2022.10.02"]

1. d4 g6 2. e4 Bg7 3. c4 c5 4. Nf3 cxd4 5. Nxd4 Qb6 6. Nb3 d6 7. Nc3 Nd7 8. Be3
Qd8 9. Be2 b6 10. O-O Ngf6 11. f3 O-O 12. Qd2 Ba6 13. Rac1 Ne5 14. Nb5 Bb7 15.
N3d4 Nc6 16. Nxc6 Bxc6 17. Nd4 Bb7 18. b4 Nd7 19. Nb3 Rc8 20. Rfd1 Ne5 21. Qe1
Qc7 22. c5 bxc5 23. bxc5 Qb8 24. cxd6 exd6 25. Qd2 Rxc1 26. Rxc1 Rd8 27. Na5
Ba8 28. f4 Nd7 29. Bf3 Nc5 30. Qc2 Qb4 31. Bxc5 Qxa5 32. Be3 Re8 33. Bf2
1/2-1/2

[Event "Kirchhellen- Sodingen 2"]
[Site "?"]
[Date "2023.04.16"]
[Round "7.8"]
[White "Kueper, Peter"]
[Black "Panofen, Ingo"]
[Result "1/2-1/2"]
[WhiteElo "1777"]
[BlackElo "1870"]
[PlyCount "78"]
[SourceDate "2022.10.02"]

1. e4 c5 2. Nf3 e6 3. d4 cxd4 4. Nxd4 a6 5. Be2 Qc7 6. O-O Nf6 7. Bf3 Be7 8.
Re1 d6 9. b3 Bd7 10. Bb2 O-O 11. c4 Nc6 12. Nc3 Nxd4 13. Qxd4 Bc6 14. Rad1 Rfd8
15. Qe3 Nd7 16. Be2 Rab8 17. Qg3 Bf8 18. f4 b5 19. cxb5 axb5 20. Bd3 b4 21. Na4
Bxa4 22. bxa4 Qa7+ 23. Kh1 Qxa4 24. Bc4 Rbc8 25. Bb3 Qb5 26. Rxd6 Nc5 27. Rxd8
Rxd8 28. h3 Rd3 29. Qg5 Qd7 30. Bc4 Rd2 31. Be5 Rd1 32. Qg3 Nxe4 33. Qe3 Rxe1+
34. Qxe1 Nc5 35. Qxb4 Qd1+ 36. Kh2 Nd3 37. Qb3 Qxb3 38. Bxb3 Nxe5 39. fxe5 Bc5
1/2-1/2

[Event "Winz- Borbeck 2"]
[Site "?"]
[Date "2023.04.16"]
[Round "7.1"]
[White "Strauß, Dirk"]
[Black "Schwake, Peter"]
[Result "1-0"]
[WhiteElo "1921"]
[BlackElo "1852"]
[PlyCount "51"]
[SourceDate "2022.10.02"]

1. d4 d5 2. c4 e6 3. Nf3 Nf6 4. g3 Nbd7 5. Bg2 Be7 6. O-O O-O 7. Qc2 c6 8. Nbd2
b6 9. e4 dxe4 10. Nxe4 Nxe4 11. Qxe4 Bb7 12. Rd1 Nf6 13. Qe2 Rc8 14. Bf4 Nh5
15. Be3 g6 16. Ne5 Ng7 17. c5 Nf5 18. a4 Nxe3 19. Qxe3 Qc7 20. b4 Bf6 21. cxb6
axb6 22. Rac1 Qd6 23. b5 Rfd8 24. Bf3 Bxe5 25. dxe5 Qc7 26. Rxd8+ 1-0

[Event "Winz- Borbeck 2"]
[Site "?"]
[Date "2023.04.16"]
[Round "7.2"]
[White "Boetzel, Martin"]
[Black "Kindermann, Carsten"]
[Result "0-1"]
[WhiteElo "1920"]
[BlackElo "1924"]
[PlyCount "72"]
[SourceDate "2022.10.02"]

1. d4 d5 2. c4 dxc4 3. e4 c5 4. d5 Nf6 5. Nc3 e6 6. Bg5 Be7 7. Bxf6 Bxf6 8.
Bxc4 exd5 9. Bxd5 O-O 10. Nge2 Na6 11. Qb3 Nc7 12. O-O Qe7 13. Rad1 Rb8 14. a4
b6 15. Rfe1 Ba6 16. Bc4 Bb7 17. f3 Rfd8 18. Rxd8+ Rxd8 19. Rd1 Rxd1+ 20. Qxd1
Ne6 21. Qd3 g6 22. h3 Nd4 23. Nf4 Be5 24. Nfe2 Nxe2+ 25. Nxe2 Bxb2 26. Nc3 Bxc3
27. Qxc3 Bc8 28. a5 Be6 29. Bb5 Qd6 30. Kf2 c4 31. Ke2 Qc5 32. Ba4 b5 33. Bc2
b4 34. Qf6 b3 35. Bb1 c3 36. Qd8+ Kg7 0-1

[Event "Winz- Borbeck 2"]
[Site "?"]
[Date "2023.04.16"]
[Round "7.3"]
[White "Sanders, Cedric"]
[Black "Haupt, Horst"]
[Result "1/2-1/2"]
[WhiteElo "1767"]
[BlackElo "1706"]
[PlyCount "64"]
[SourceDate "2022.10.02"]

1. c4 e5 2. Nc3 d6 3. g3 Be6 4. b3 Be7 5. Bg2 c6 6. e3 Nf6 7. Nge2 Qd7 8. d4
Bh3 9. O-O Bxg2 10. Kxg2 Qf5 11. Ba3 Nbd7 12. f3 h5 13. Qb1 Qg5 14. h4 Qh6 15.
Qf5 g6 16. Qd3 g5 17. hxg5 Qxg5 18. Ne4 Nxe4 19. Qxe4 f5 20. Qd3 O-O-O 21. dxe5
Nxe5 22. f4 Nxd3 23. fxg5 Bxg5 24. Rxf5 Bxe3 25. Kf3 Bc5 26. Bxc5 Nxc5 27. Rh1
Rdf8 28. Rhxh5 Rxh5 29. Rxf8+ Kd7 30. Rf4 Rh7 31. Rd4 a5 32. Kg2 Re7 1/2-1/2

[Event "Winz- Borbeck 2"]
[Site "?"]
[Date "2023.04.16"]
[Round "7.4"]
[White "Groß, Michael"]
[Black "Dippel, Olaf"]
[Result "1/2-1/2"]
[WhiteElo "1691"]
[BlackElo "1765"]
[PlyCount "71"]
[SourceDate "2022.10.02"]

1. e4 c6 2. d4 d5 3. Nc3 dxe4 4. f3 exf3 5. Nxf3 Nf6 6. Be3 Bg4 7. Bd3 e6 8.
O-O Nbd7 9. Kh1 Bd6 10. Qe1 Qc7 11. Qh4 O-O-O 12. a3 h6 13. Bg1 Nb6 14. b4 Bxf3
15. Rxf3 g5 16. Qf2 Ng4 17. Qf1 f5 18. g3 Rdf8 19. d5 Ne5 20. dxe6 Nxf3 21.
Qxf3 f4 22. g4 Kb8 23. Re1 Re8 24. Bd4 Rhg8 25. Bf5 Nc8 26. Qe4 Ne7 27. Bh7
Rgf8 28. Bg7 f3 29. Bxf8 f2 30. Rf1 Rxf8 31. Qg2 Nd5 32. Nxd5 Qxh7 33. Ne3 Qg6
34. Rxf2 Rxf2 35. Qxf2 Qxe6 36. Nf5 1/2-1/2